000 00835nam a22002897a 4500
008 110823b2003 tu |||gr||||#||||0|tur |
040 _aTR-BiSEU
_btur
_cTR-BiSEU
_erda
001 0032440
003 KOHA_MİRAKIL
005 20260207002824.0
007 ta
020 _a9758714074
_c24,18
041 0 _atur
044 _ctu
050 _aQA641
_b.H33 2003
100 1 _aHacısalihoğlu, Hilmi..
245 1 _aTensör geometri/
_cHilmi. Hacısalihoğlu ; Hilmi Hacısalihoğlu, Nejat Ekmekçi.
264 1 _aAnkara :
_b[y.y.]
_c2003
300 _a iii, 251 s. ;
_c24 cm.
336 _ametin
_btxt
_2rdacontent
337 _aaracısız
_bn
_2rdamedia
338 _acilt
_bnc
_2rdacarrier
500 _aDizin var.
650 0 _aGeometri, Diferensiyel.
_963244
650 0 _aGeometry, Differential.
_963245
942 _2lcc
_cBK
999 _c32351
_d32351